Pedagogie et education : evolution des idees et des pratiques contemporaines

Αποθηκεύτηκε σε:
Λεπτομέρειες βιβλιογραφικής εγγραφής
Κύριος συγγραφέας: Salines, Michel
Μορφή: Βιβλίο
Γλώσσα:French
Δημοσίευση: Paris : Mouton, 1972
Σειρά:Le Savoir historique ; ; 3
Θέματα:
Ετικέτες: Προσθήκη ετικέτας
Δεν υπάρχουν, Καταχωρήστε ετικέτα πρώτοι!

MARC

LEADER 00000nam a2200000 i 4500
001 1/81530
008 960613s1972 fre d
035 |a 1988  |b 2  |c Αγορά/Καϊλα  |l 10033714 
040 |a GR-MY-UA  |b gre  |e aacr 
041 0 |a fre 
082 0 |a 370.1 
100 1 |a Salines, Michel. 
245 1 0 |a Pedagogie et education :  |b evolution des idees et des pratiques contemporaines /  |c Michel Salines 
260 |a Paris :   |b Mouton,   |c 1972 
300 |a 479 p. 
490 1 |a Le Savoir historique  |v ; 3 
650 0 0 |a Education  |x Philosophy. 
830 0 |a Le Savoir historique ;  |v ; 3 
852 |a INST  |b RHODES  |e 19960613  |h 370.1 SAL  |p 005400003596  |q 005400003596  |t BK  |y 0 
909 |a Ρ  |b 011723  |c 1988